Εγκόλπιον προσκόπου Α' τάξεως
Αποθηκεύτηκε σε:
| Συγγραφή απο Οργανισμό/Αρχή: | |
|---|---|
| Μορφή: | Βιβλίο |
| Γλώσσα: | Greek |
| Δημοσίευση: |
Αθήναι :
Προσκοπικό πρατήριο,
1967
|
| Έκδοση: | 5η έκδ. |
| Θέματα: | |
| Ετικέτες: |
Προσθήκη ετικέτας
Δεν υπάρχουν, Καταχωρήστε ετικέτα πρώτοι!
|
MARC
| LEADER | 00000cam a2200000 i 4500 | ||
|---|---|---|---|
| 001 | 1/93679 | ||
| 008 | 080912s1967 gre d | ||
| 035 | |l 10100076 | ||
| 040 | |a GR-MY-UA |b gre |e aacr | ||
| 041 | 0 | |a gre | |
| 082 | 0 | |a 369.43 |2 (22) | |
| 110 | 2 | |a Σώμα Ελλήνων Προσκόπων. | |
| 245 | 1 | 0 | |a Εγκόλπιον προσκόπου Α' τάξεως / |c Σώμα Ελλήνων Προσκόπων |
| 250 | |a 5η έκδ. | ||
| 260 | |a Αθήναι : |b Προσκοπικό πρατήριο, |c 1967 | ||
| 300 | |a 269 σ.; |b εικ., φωτ.; |c 16 εκ. | ||
| 500 | |a "Υπό την γενικήν αρχηγίαν της Α. Μ. του Βασιλέως" | ||
| 650 | 0 | 0 | |a Scouting (Youth activity) |
| 650 | 0 | 0 | |a Youth |x Attitudes. |
| 650 | 0 | 0 | |a Boy Scouts. |
| 852 | |a INST |b RHODES |c AKA |e 20080912 |h 369.43 ΣΩΜ |p 005400028264 |q 005400028264 |t BK |y 0 | ||
| 901 | |a BIBL4-2008-3 | ||
| 909 | |a Ρ |b 152949 | ||
| 970 | |a ΧΑΡΙΟΠΟΛΙΤΟΥ |b ΚΩΝΣΤΑΝΤΙΝΑ |z 2008/09/12 | ||